Մարմին, ինձնով կենդանի : (Record no. 85245)
[ view plain ]
| 000 -LEADER | |
|---|---|
| fixed length control field | 00948nam a2200205 a 4500 |
| 001 - CONTROL NUMBER | |
| control field | 000240682 |
| 003 - CONTROL NUMBER IDENTIFIER | |
| control field | AM-YeHGA |
| 005 - DATE AND TIME OF LATEST TRANSACTION | |
| control field | 20250618071620.0 |
| 008 - FIXED-LENGTH DATA ELEMENTS--GENERAL INFORMATION | |
| fixed length control field | 030627s1978 ai 000 | arm d |
| 040 ## - CATALOGING SOURCE | |
| Original cataloging agency | AM-YeHGA |
| 090 ## - LOCALLY ASSIGNED LC-TYPE CALL NUMBER (OCLC); LOCAL CALL NUMBER (RLIN) | |
| -- | 86524 |
| 100 1# - MAIN ENTRY--PERSONAL NAME | |
| Personal name | Մելիք, Ռուբեն, |
| Dates associated with a name | 1921-2007 |
| 245 10 - TITLE STATEMENT | |
| Title | Մարմին, ինձնով կենդանի : |
| Remainder of title | [Բանաստեղծություններ] / |
| Statement of responsibility, etc. | Ռ. Մելիք; Ֆրանս. թարգմ.՝ Ա. Ալիքյան; Առաջաբ.՝ Ս. Ալաջաջյան; Խմբ.՝ Գ. Քեշիշյան. |
| 246 11 - VARYING FORM OF TITLE | |
| Title proper/short title | Ce corps vivant de moi |
| 260 ## - PUBLICATION, DISTRIBUTION, ETC. | |
| Place of publication, distribution, etc. | Երևան : |
| Name of publisher, distributor, etc. | Սովետական գրող, |
| Date of publication, distribution, etc. | 1978. |
| 300 ## - PHYSICAL DESCRIPTION | |
| Extent | 160 էջ : |
| Other physical details | դիմանկ. ; |
| Dimensions | 14 սմ. |
| 650 14 - SUBJECT ADDED ENTRY--TOPICAL TERM | |
| Topical term or geographic name entry element | Ֆրանսիական գրականություն |
| General subdivision | Պոեզիա |
| 700 1# - ADDED ENTRY--PERSONAL NAME | |
| Personal name | Ալաջաջյան, Ստեփան Եղիայի, |
| Dates associated with a name | 1924-2010 |
| Relator term | առաջաբ. |
| Relationship | aui |
| 9 (RLIN) | 79 |
| 700 1# - ADDED ENTRY--PERSONAL NAME | |
| Personal name | Քեշիշյան, Գրիգոր Սամվելի, |
| Dates associated with a name | 1921-1980 |
| Relator term | խմբ. |
| Relationship | edt |
| 9 (RLIN) | 2468 |
| Withdrawn status | Lost status | Damaged status | Not for loan | Collection | Home library | Current library | Date acquired | Total checkouts | Full call number | Barcode | Date last seen | Cost, replacement price | Price effective from | Koha item type | Public note |
|---|---|---|---|---|---|---|---|---|---|---|---|---|---|---|---|
| General | Fundamental Scientific Library | Fundamental Scientific Library | 22/12/2016 | AI/15543 | FL0054964 | 22/12/2016 | 65.00 | 22/12/2016 | Գրքեր / Books | 30 Days Loan | |||||
| General | Fundamental Scientific Library | Fundamental Scientific Library | 22/12/2016 | AI/15645 | FL0055948 | 22/12/2016 | 34.00 | 22/12/2016 | Գրքեր / Books | 30 Days Loan | |||||
| General | Fundamental Scientific Library | Fundamental Scientific Library | 22/12/2016 | AI/15646 | FL0055949 | 22/12/2016 | 34.00 | 22/12/2016 | Գրքեր / Books | 30 Days Loan |
ՀՀ Գիտությունների ազգային ակադեմիայի հիմնարար գիտական գրադարան = Fundamental Scientific Library of NAS RA
All site content, except where otherwise noted, is licensed under a